01084 a2200241 4500003000500000005001700005020002000022040000900042082001900051100002000070245010500090260004600195300002300241490007600264505023800340650005500578650002600633651001300659700003200672942001200704999001900716952010700735Nust20170207154034.0 a1-58053-315-9 : cNust04a658.31240285461 aStone, David E.00aPlanning and design for high-tech web-based training (E-Book)cDavid E. Stone, Constance L. Koskinen aBoston, Mass. :bArtech House,ccop. 2002 axx, 239 s. :bill.0 aArtech House technology management and professional development library aPart 1 Phase 1: The analysis (Page-1) Part II Phase 2: Strategic planning (Page-41) Part III Phase 3: WBT development (Page-97) Part IV Phase 4: WBT deployment (Page-147) Part V Postproduction (Page-167) Part VI The future (Page-193) 7aEmployeesxTraining ofxComputer network resources 7aInternet in education a(E-Book)1 aKoskinen, Constance L.4aut 2ddccBK c192282d192282 00102ddc40708NFICaMCSbMCSd2016-12-12l0o658.3124028546pMCSEB-1422r2016-12-08w2016-12-12yBK